| 000 | 01203nam a2200265 a 4500 | ||
|---|---|---|---|
| 001 | 000023579 | ||
| 005 | 20200930022325.0 | ||
| 008 | 101214s1982 mx a r 001 0 spa d | ||
| 020 | _a968160895x | ||
| 040 |
_aDO-SdBNP _bspa _cBNPHU |
||
| 041 | 1 | 7 |
_aspa _heng _2Código de idiomas MARC |
| 082 |
_annnn _bW157e |
||
| 100 | 1 |
_aWald, Robert M., _948601 |
|
| 240 | 1 | 0 | _aSpace, time and gravity. The theory of the big bang and black holes. |
| 245 | 1 | 0 |
_aEspacio, tiempo y gravitación : _bla teoría del big bang (la gran explosión) y los agujeros negros / _cRobert M. Wald ; traducción de Víctor Manuel Suárez Dávila. |
| 260 |
_aMéxico : _bFondo de Cultura Económica, _c1982. |
||
| 300 |
_a214 p. : _bil. ; _c18 cm. |
||
| 490 | 1 |
_aBreviarios del Fondo de Cultura Económica _v315 |
|
| 500 | _aIncluye índice | ||
| 504 | _aIncluye referencias bibliográficas y notas al pie de las páginas. | ||
| 534 |
_pTítulo original en inglés: _tSpace, time and gravity. The theory of the big bang and black holes. _cChicago : University of Chicago, 1977. |
||
| 700 | 1 |
_aSuárez Dávila, Víctor Manuel, _etr. _948602 |
|
| 830 | 0 |
_aBreviarios del Fondo de Cultura Económica ; _v315 _925786 |
|
| 049 | _aBNGR | ||
| 999 |
_c23075 _d23075 |
||